Základy francúzštiny pre ekonómov

Gespeichert in:
Bibliographische Detailangaben
1. Verfasser: Pravdová, Marie
Körperschaft: Vysoká škola ekonomická v Bratislave. Ústav jazykov
Weitere Verfasser: Velíšková, Olga
Format: Buch
Sprache:Slowakisch
Veröffentlicht: Bratislava VŠE 1991
Ausgabe:1. vyd.
Tags: Tag hinzufügen
Keine Tags, Fügen Sie das erste Tag hinzu!

MARC

LEADER 00000nam a2200000 4500
001 c041611
005 20221214095348.1
041 0 |a slo 
044 |a SK 
245 1 0 |a Základy francúzštiny pre ekonómov  |c Marie Pravdová, Olga Velíšková 
250 |a 1. vyd. 
264 1 |a Bratislava  |b VŠE  |c 1991 
300 |a 360 s. 
100 1 |a Pravdová, Marie 
700 1 |a Velíšková, Olga 
710 2 |a Vysoká škola ekonomická v Bratislave. Ústav jazykov